000 00507nam a2200205Ia 4500
003 OSt
005 20140321082240.0
008 140130s9999 xx 000 0 und d
020 _a0516255231
050 _aPZ 8.3
_b.H146Tug 2004
100 _aHall, Kirsten
245 _cKirsten Hall
_aTug-of-war. All about balance /
260 _bScholastic,
_c2004.
_aNew York :
300 _a31 p. :
_bcol. ill. ;
_c23 cm.
440 _v1
521 _aG1
526 _c290
942 _cBK
_2lcc
999 _c40119
_d40119